Score 0/20 Timer 10:00
0 Plays Today
% Correct
Paul Gleason
64.9%
Tower Bridge
52.9%
West Point
50.6%
One Day at a Time
47.1%
Sagrada Familia
45.7%
Jack Wagner
38.2%
Candlestick Park
36.8%
Hal Holbrook
34.9%
Pat Leahy
34.1%
Kramer vs. Kramer
32.8%
% Correct
Nelson Rockefeller
32.2%
waning gibbous
31.2%
Kate Flannery
30.6%
Catherine Hicks
29.3%
Walt Frazier
28.9%
Victoria Justice
27.5%
Sam Raimi
25.6%
Barry Gordie
25.6%
Delroy Lindo
24.8%
Shay Mitchell
22.5%
Remove Ads.
Support Sporcle.
Get the best of Sporcle when you Go Orange. This ad-free experience offers more features, more stats, and more fun while also helping to support Sporcle. Thank you for becoming a member.

You're not logged in!

Compare scores with friends on all Sporcle quizzes.
OR
Log In

Show Comments

Extras

Created Aug 13, 2016ReportNominate
Tags:Image Quiz, Trivia

Top Quizzes Today


Score Distribution

Your Account Isn't Verified!

In order to create a playlist on Sporcle, you need to verify the email address you used during registration. Go to your Sporcle Settings to finish the process.

Report this User

Report this user for behavior that violates our Community Guidelines.

Details: